000
00306nam a22001337a 4500
008
171027b xxu||||| |||| 00| 0 eng d
020
_a
9780763724955
041
_a
eng
080
_a
336
100
_a
56
101
_a
FIN
245
_a
ESSENTIALS OF HEALTH CARE FINANCE
_c
CLEVERLY, W.O
942
_2
udc
_c
BK
999
_c
36243
_d
36243